Т. 2; Англо-русский энциклопедический словарь искусств и художественных ремесел

Dades bibliogràfiques
Parent link:Англо-русский энциклопедический словарь искусств и художественных ремесел=The English-Russian Encyclopedic Dictionary of The Arts and Artistic Crafts: в двух томах/ А. А. Азаров. Т. 2.— , 2007.— 978-5-89349-970-4
Sumari:Словарь содержит более 27 тыс. статей по изобразительным (живопись, скульптура, иконография, декоративно-прикладное и пр.), зрелищным (театр, кино, телевидение) искусствам, по искусствам крупных пространственных объёмов (архитектура), музыке, танцу, литературе и литературоведению. В словарь включены имена святых, мифологических богов и героев, персонажи литературных произведений, зарубежные и российские деятели в сфере искусств (писатели, художники, скульпторы, композиторы, музыканты, актёры, певцы, архитекторы и пр.), названия музеев, театров, художественных течений и школ, музыкальных поп- и рок-групп, оркестров, культурно-исторических центров, художественных академий, училищ и институтов, обществ и союзов по отдельным видам искусств, архитектурных, исторических, художественных и др. памятников, предметов материальной культуры (в т.ч. культовых), ремёсел, инструментов, материалов, технологий и приёмов, используемых мастерами-художниками. Словарь содержит также некоторые ключевые термины, употребляемые в полиграфии, издательском деле, моде, рекламе, дизайне, реставрации, строительстве, которые связаны с художественно-творческой деятельностью человека. Значительная часть русско-английских терминов и выражений даётся впервые и не может быть найдена ни в одном из существующих двуязычных словарей. Словарь предназначен для переводчиков, культурологов, филологов, литературоведов, искусствоведов, музейных работников, гидов, преподавателей и студентов музыкальных, хореографических, театрально-кинематографических, архитектурных и художественных учебных заведений.
Idioma:rus
anglès
Publicat: 2007
Matèries:
Format: Llibre
KOHA link:https://koha.lib.tpu.ru/cgi-bin/koha/opac-detail.pl?biblionumber=145076

MARC

LEADER 00000nam2a2200000 4500
001 145076
005 20231031143927.0
010 |a 9785893499728 
010 |a 978-5-02-034780-9 
035 |a (RuTPU)RU\TPU\book\157233 
035 |a RU\TPU\book\151187 
090 |a 145076 
100 |a 20081013d2007 km y0rusy50 ca 
101 0 |a rus  |a eng 
102 |a RU 
105 |a a ef 000zy 
200 0 |a Т. 2 
210 |d 2007 
215 |a 656 с. 
330 |a Словарь содержит более 27 тыс. статей по изобразительным (живопись, скульптура, иконография, декоративно-прикладное и пр.), зрелищным (театр, кино, телевидение) искусствам, по искусствам крупных пространственных объёмов (архитектура), музыке, танцу, литературе и литературоведению. В словарь включены имена святых, мифологических богов и героев, персонажи литературных произведений, зарубежные и российские деятели в сфере искусств (писатели, художники, скульпторы, композиторы, музыканты, актёры, певцы, архитекторы и пр.), названия музеев, театров, художественных течений и школ, музыкальных поп- и рок-групп, оркестров, культурно-исторических центров, художественных академий, училищ и институтов, обществ и союзов по отдельным видам искусств, архитектурных, исторических, художественных и др. памятников, предметов материальной культуры (в т.ч. культовых), ремёсел, инструментов, материалов, технологий и приёмов, используемых мастерами-художниками. Словарь содержит также некоторые ключевые термины, употребляемые в полиграфии, издательском деле, моде, рекламе, дизайне, реставрации, строительстве, которые связаны с художественно-творческой деятельностью человека. Значительная часть русско-английских терминов и выражений даётся впервые и не может быть найдена ни в одном из существующих двуязычных словарей. Словарь предназначен для переводчиков, культурологов, филологов, литературоведов, искусствоведов, музейных работников, гидов, преподавателей и студентов музыкальных, хореографических, театрально-кинематографических, архитектурных и художественных учебных заведений. 
461 1 |0 (RuTPU)RU\TPU\book\157481  |y 978-5-89349-970-4  |y 978-5-02-034768-7  |t Англо-русский энциклопедический словарь искусств и художественных ремесел  |l The English-Russian Encyclopedic Dictionary of The Arts and Artistic Crafts  |o в двух томах  |f А. А. Азаров  |v Т. 2  |d 2007 
610 1 |a английский язык 
610 1 |a лексика 
610 1 |a словари 
610 1 |a термины 
610 1 |a терминологические словари 
610 1 |a искусство 
610 1 |a ремесла 
610 1 |a живопись 
610 1 |a скульптура 
610 1 |a иконография 
610 1 |a декоративно-прикладное искусство 
675 |a 7(038)  |v 3 
686 |a Ш143.21-43  |v LBC/SL-A  |2 rubbk 
801 1 |a RU  |b 63413507  |c 20080609  |g PSBO 
801 2 |a RU  |b 63413507  |c 20110908  |g PSBO 
942 |c BK 
959 |a 65/20080529  |d 1  |e 0  |f ЧЗИЛ:1